00396nam a2200121Ia 4500008004100000041001200041082001700053100006700070245008100137260002400218300000700242650002500249231217s9999 xx 000 0 und d aEnglish a361.37 VAN1 aVANI- Voluntary Action Network India NYP- National Youth Proje 0aReport of the workshop on youth and voluntarism, 5-7 December, 1995......... c1995bVANI, N.Delhi a65 aYouth Voluntary work